Prístupy k vnímaniu rizika
Vnímanie rizika. Kvantifikácia rizika. Príklad relatívnej kvantifikácie prostredníctvom prevalencie.
Salvato in:
| Autore principale: | |
|---|---|
| Altri autori: | |
| Natura: | Capitolo di libro |
| Lingua: | slovacco |
| Soggetti: | |
| Tags: |
Nessun Tag, puoi essere il primo ad aggiungerne!!
|
MARC
| LEADER | 00000naa a2200000 4500 | ||
|---|---|---|---|
| 001 | 0191861 | ||
| 005 | 20220718123947.3 | ||
| 041 | 0 | |a slo | |
| 044 | |a SK | ||
| 245 | 1 | 0 | |a Prístupy k vnímaniu rizika |c Katarína Kampová, Jozef Ristvej |
| 520 | |a Vnímanie rizika. Kvantifikácia rizika. Príklad relatívnej kvantifikácie prostredníctvom prevalencie. | ||
| 610 | 2 | 0 | |a riziko |
| 610 | 2 | 0 | |a risk management |
| 610 | 2 | 0 | |a riadenie rizík |
| 610 | 2 | 0 | |a rozhodovanie strategické |
| 100 | 1 | |a Kampová, Katarína | |
| 700 | 1 | |a Ristvej, Jozef | |